00518nam a2200133Ia 4500008004100000100002800041245008600069245007300155260005300228260001900281300000800300650001500308856006100323170221s9999 xx 000 0 und d aWathiq Laftah Al-Yaseen 2aA Large Data Exchange Method for Multi-agent in Java Agent Development Framework  cWathiq Laftah Al-Yaseen, Zulaiha Ali Othman, Mohd Zakree Ahmad Nazri bInternational Review of Management and Marketing cSeptember 2016 a5:3 xMarketing. uhttp://www.econjournals.com/index.php/irmm/issue/view/97